logo

Bir Sreshtho Munshi Abdur Rouf Library
Jhenaidah Cadet College

Military institutions and power in the new states / (Record no. 7569)

MARC details
000 -LEADER
fixed length control field 00693cam a22002531 4500
001 - CONTROL NUMBER
JCCL Control Number 7569
003 - CONTROL NUMBER IDENTIFIER
JCCL marc code BD-JhCC
005 - DATE AND TIME OF LATEST TRANSACTION
control field 20181006181115.0
008 - FIXED-LENGTH DATA ELEMENTS--GENERAL INFORMATION
fixed length control field 720829s1965 nyu b 000 0 eng
035 ## - SYSTEM CONTROL NUMBER
system control number (BD-JhCC)7569
035 ## - SYSTEM CONTROL NUMBER
system control number (OCoLC)394217
040 ## - CATALOGING SOURCE
Original cataloging agency DLC
Transcribing agency OClW
Modifying agency OCoLC
-- DLC
-- BD-JhCC
041 ## - LANGUAGE CODE
Language code of Book eng
050 00 - LIBRARY OF CONGRESS CALL NUMBER
Classification number UA10
Item number .G82
082 ## - DEWEY DECIMAL CLASSIFICATION NUMBER
Classification number 355
Author mark and Year GUT 1965
100 1# - MAIN ENTRY--PERSONAL NAME
Personal name Gutteridge, William,
Dates associated with a name 1919-2008.
245 10 - TITLE STATEMENT
Title Military institutions and power in the new states /
Statement of responsibility, etc [by] William Gutteridge.
260 ## - PUBLICATION, DISTRIBUTION, ETC. (IMPRINT)
Place of publication, distribution, etc New York,
Name of publisher, distributor, etc Praeger
Date of publication, distribution, etc [1965]
300 ## - PHYSICAL DESCRIPTION
Pagination viii, 182 p.
Dimensions 23 cm.
504 ## - BIBLIOGRAPHY, ETC. NOTE
Bibliography, etc Bibliography: p. 178.
650 #0 - SUBJECT ADDED ENTRY--TOPICAL TERM
Topical term or geographic name as entry element Armed Forces.
942 ## - ADDED ENTRY ELEMENTS (KOHA)
Source of classification or shelving scheme Dewey Decimal Classification
Koha item type Books
Holdings
Source of classification or shelving scheme Damaged status Not for loan Home library Current library Shelving location Total Checkouts Full call number Barcode Date last seen Copy number Koha item type
Dewey Decimal Classification     JCC Rouf Library JCC Rouf Library General Stacks   355 GUT 1965 8826 02/11/2018 C - 1 Books

JCC Library | Contacts | JCC Home

Last Update on 23 September 2017
Copyright @ 2017-2020 JCC Rouf Library
Rouf Library, Jhenidah Cadet College (JCC), Bangladesh